L'unité et la diversité des êtres vivants - Statistiques

Statistiques générales
  • Ce quiz a été pris 130 fois
  • Le résultat moyen est 7 sur 10
Statistiques - réponses
Question Réponse % Correct
Quel élément ne fait pas partie d'un écosystème ? Les objets techniques fabriqués par l’Homme.
91%
Quel est l’élément qui caractérise un être vivant ? Il est constitué de matière organique et peut réaliser des fonctions comme se nourrir et se reproduire.
86%
Qu'est-ce qu'une espèce ? Un ensemble d’individus qui se ressemblent, qui se reproduisent entre eux et dont la descendance est fertile.
84%
Quelle est l’unité de base de tout être vivant ? La cellule
81%
Que signifie le fait que deux espèces possèdent des attributs communs ? Elles ont un ancêtre commun et sont plus ou moins proches dans l'évolution.
77%
Qu'est-ce que la biodiversité ? La diversité des êtres vivants et de leurs relations.
77%
Quel type de classification permet de regrouper les êtres vivants selon leurs liens de parenté ? La classification phylogénétique.
72%
Que représente un arbre phylogénétique ? Les liens de parenté entre différentes espèces en fonction de leur ancêtre commun.
70%
Quelle relation entre espèces est favorable aux deux espèces impliquées ? La symbiose.
59%
Quel est le nom donné à l’ancêtre commun hypothétique de tous les êtres vivants ? LUCA
33%
Aucun quiz correspondant
Distribution des résultats
% des personnes avec chaque résultat
Percentile par nombre de réponses
Votre historique - résultats
Vous n’avez pas pris ce quiz